[Event "4NCL Division 3 South"]
[Site "Milton Keynes, ENG"]
[Date "2022.03.26"]
[Round "5.55"]
[White "Finn, Thomas"]
[Black "Elwin, Adrian G"]
[Result "1-0"]
[WhiteElo "1926"]
[BlackElo "1996"]
[PlyCount "99"]
[EventDate "2022.03.26"]
[WhiteTeam "Sussex Martlets 2"]
[BlackTeam "MK Phoenix 1"]

1. e4 c6 2. Nc3 d5 3. Nf3 dxe4 4. Nxe4 Nf6 5. Nxf6+ gxf6 6. Bc4 Bf5 7. d4 e6 8.
Bf4 Bd6 9. Bg3 Qc7 10. Qe2 Bg4 11. O-O-O Nd7 12. h3 Bxf3 13. Qxf3 O-O-O 14. Bh4
Be7 15. Bb3 Rhe8 16. Qh5 Nf8 17. g3 f5 18. Rhe1 f4 19. Qxf7 e5 20. Qf5+ Kb8 21.
Bxe7 Rxe7 22. Rxe5 fxg3 23. fxg3 Ng6 24. Rxe7 Qxe7 25. Qg4 Qe3+ 26. Kb1 Rf8 27.
d5 cxd5 28. Bxd5 Rd8 29. Be4 Rxd1+ 30. Qxd1 a6 31. Bxg6 hxg6 32. Qd6+ Ka8 33.
a3 Qe4 34. h4 Ka7 35. Qd3 Qe1+ 36. Ka2 Qe6+ 37. b3 Ka8 38. Qc3 Ka7 39. h5 gxh5
40. Qc5+ Ka8 41. Qxh5 Qe4 42. Qh8+ Ka7 43. Qc3 Qg2 44. Kb2 Kb8 45. Qg7 Ka7 46.
g4 Kb6 47. Qf6+ Ka5 48. g5 Qd5 49. g6 b5 50. b4+ 1-0

[Event "4NCL Division 3 South"]
[Site "Milton Keynes, ENG"]
[Date "2022.03.26"]
[Round "5.56"]
[White "Smith, Graham"]
[Black "Wilton, Maximilian"]
[Result "1-0"]
[WhiteElo "1984"]
[BlackElo "1950"]
[PlyCount "86"]
[EventDate "2022.03.26"]
[WhiteTeam "MK Phoenix 1"]
[BlackTeam "Sussex Martlets 2"]

1. e4 c5 2. Nf3 d6 3. d4 cxd4 4. Qxd4 Nc6 5. Bb5 Bd7 6. Bxc6 Bxc6 7. Nc3 Nf6 8.
Bg5 e6 9. O-O-O Be7 10. h4 Qa5 11. Kb1 O-O 12. Nd2 b5 13. f3 Rfc8 14. e5 dxe5
15. Qxe5 h6 16. Nb3 Qc7 17. Qxc7 Rxc7 18. Bf4 Rcc8 19. Nd4 a6 20. Nxc6 Rxc6 21.
g4 b4 22. Ne2 Nd5 23. Bc1 Rac8 24. Nd4 Rc4 25. Rh2 h5 26. g5 a5 27. g6 Bf6 28.
Nf5 Nc3+ 29. bxc3 exf5 30. gxf7+ Kxf7 31. Rd7+ Ke8 32. Rb7 bxc3 33. Ba3 Rd4 34.
Re2+ Kd8 35. Kc1 Rxh4 36. Re1 Rd4 37. Be7+ Bxe7 38. Rexe7 Rd6 39. Rxg7 Re6 40.
Kd1 Rc4 41. Rg8+ Re8 42. Rb8+ Rc8 43. Rxe8+ Kxe8 1-0

[Event "4NCL Division 3 South"]
[Site "Milton Keynes, ENG"]
[Date "2022.03.26"]
[Round "5.61"]
[White "Calvert, D Ian"]
[Black "Cooke, Charlie"]
[Result "1-0"]
[WhiteElo "1944"]
[BlackElo "1767"]
[PlyCount "83"]
[EventDate "2022.03.26"]
[WhiteTeam "Iceni 2"]
[BlackTeam "CSC 2"]

1. b3 d5 2. Bb2 c5 3. e3 Bf5 4. Nf3 a6 5. d4 cxd4 6. Nxd4 Bg6 7. Be2 e6 8. O-O
Nf6 9. c4 Be7 10. Nc3 O-O 11. cxd5 Nxd5 12. Nxd5 Qxd5 13. Bf3 Be4 14. Bxe4 Qxe4
15. Rc1 Rd8 16. Qe2 e5 17. Qf3 Qxf3 18. Nxf3 f6 19. Rc7 Rd7 20. Rfc1 Kf8 21.
Kf1 Ke8 22. Rc8+ Rd8 23. R1c7 Rxc8 24. Rxc8+ Kd7 25. Rg8 g5 26. Nd2 Kc7 27. f4
exf4 28. exf4 gxf4 29. Ne4 f5 30. Be5+ Kc6 31. Nc3 Bd6 32. Bxd6 Kxd6 33. Kf2
Kc7 34. Nd5+ Kc6 35. Nxf4 b5 36. Kf3 b4 37. Nd3 a5 38. Kf4 Kb7 39. Rg7+ Kb6 40.
Rxh7 Nc6 41. Kxf5 Kb5 42. Rb7+ 1-0

[Event "4NCL Division 3 South"]
[Site "Milton Keynes, ENG"]
[Date "2022.03.26"]
[Round "5.62"]
[White "Eckert, Jonathan"]
[Black "Kenning, Paul H"]
[Result "0-1"]
[WhiteElo "1738"]
[BlackElo "1838"]
[PlyCount "104"]
[EventDate "2022.03.26"]
[WhiteTeam "CSC 2"]
[BlackTeam "Iceni 2"]

1. e4 d6 2. Nc3 Nf6 3. f4 e5 4. Nf3 Nbd7 5. Bc4 Be7 6. Bxf7+ Kxf7 7. Ng5+ Kg8
8. Ne6 Qe8 9. Nxc7 Qg6 10. Qe2 Rb8 11. f5 Qh5 12. Qc4+ Qf7 13. N3d5 Nxd5 14.
Nxd5 Bf8 15. d3 Nf6 16. O-O Nxd5 17. exd5 b5 18. Qe4 Be7 19. Be3 Bf6 20. Rf3 h6
21. Raf1 Bb7 22. c4 a6 23. b3 Rc8 24. Rg3 a5 25. Rg6 Kf8 26. g4 Qe7 27. Rf3
bxc4 28. dxc4 Qd8 29. Rh3 Kf7 30. g5 Bxg5 31. Bxg5 hxg5 32. Rxh8 Qb6+ 33. Kh1
Rxh8 34. Rxg5 Qf2 35. Rg2 Qf1+ 36. Rg1 Qf4 37. Qxf4 exf4 38. Rg4 Bc8 39. Rxf4
Kf6 40. Kg2 Bxf5 41. c5 dxc5 42. h4 Ke5 43. Ra4 Ra8 44. Kg3 Kxd5 45. Kf4 Bd7
46. Rc4 a4 47. Rc2 axb3 48. axb3 g6 49. Rd2+ Kc6 50. Kg5 Rh8 51. Kxg6 Rxh4 52.
Rd3 Rh3 0-1

[Event "4NCL Division 3 South"]
[Site "Milton Keynes, ENG"]
[Date "2022.03.26"]
[Round "5.64"]
[White "Moss, Stephen"]
[Black "Wilks, Simon"]
[Result "1-0"]
[WhiteElo "1676"]
[BlackElo "1800"]
[PlyCount "61"]
[EventDate "2022.03.26"]
[WhiteTeam "CSC 2"]
[BlackTeam "Iceni 2"]

1. e4 Nf6 2. d3 g6 3. f4 d6 4. Nf3 Bg7 5. Nc3 O-O 6. Be2 c6 7. Be3 Nbd7 8. h3
e5 9. fxe5 dxe5 10. g4 Qa5 11. Bd2 Qb6 12. Qc1 Re8 13. Be3 Qc7 14. Qd2 b5 15.
a3 Rb8 16. Kf2 Nf8 17. Rag1 Ne6 18. Nh4 Nf4 19. Bd1 Rd8 20. Qc1 Rxd3 21. Bxf4
Rxc3 22. bxc3 exf4 23. Bf3 Qe5 24. Qd2 Qc5+ 25. Kg2 Qg5 26. Qe1 Be6 27. Kh2 Re8
28. Qf2 Bf8 29. Nf5 Nd7 30. Qd4 Ne5 31. Qxe5 1-0

[Event "4NCL Division 3 South"]
[Site "Milton Keynes, ENG"]
[Date "2022.03.26"]
[Round "5.65"]
[White "Feavyour, John A"]
[Black "Cresswell, Mike J"]
[Result "1-0"]
[WhiteElo "1855"]
[BlackElo "1609"]
[PlyCount "97"]
[EventDate "2022.03.26"]
[WhiteTeam "Iceni 2"]
[BlackTeam "CSC 2"]

1. d4 Nf6 2. Nf3 g6 3. g3 Bg7 4. Bg2 d6 5. O-O O-O 6. Re1 Nbd7 7. c4 c5 8. d5
Re8 9. e4 Nf8 10. h3 N6d7 11. Nc3 Ne5 12. Nxe5 Bxe5 13. Be3 Rb8 14. Qd2 a6 15.
a4 b6 16. f4 Bg7 17. Bf2 Nd7 18. Rad1 Bb7 19. Re2 Qc7 20. Bf3 Ba8 21. Kg2 Rf8
22. g4 Rbe8 23. Rde1 Bb7 24. Bg3 f6 25. h4 Rf7 26. g5 Nf8 27. e5 fxe5 28. fxe5
dxe5 29. Bxe5 Bxe5 30. Rxe5 Qd7 31. Ne4 Rxf3 32. Kxf3 Qh3+ 33. Ng3 Bc8 34. R5e4
Nd7 35. Rf4 e5 36. Rh1 Qxh1+ 37. Nxh1 exf4 38. Kxf4 Rf8+ 39. Ke4 Re8+ 40. Kd3
Ne5+ 41. Kc3 Nf3 42. Qf4 Ne5 43. Ng3 Bd7 44. Ne4 Re7 45. Nf6+ Kg7 46. h5 Bxa4
47. h6+ Kh8 48. Ng4 Nf7 49. Qf6+ 1-0

[Event "4NCL Division 3 South"]
[Site "Milton Keynes, ENG"]
[Date "2022.03.26"]
[Round "5.71"]
[White "Marsh, Roger D W"]
[Black "Nelson, Omowale"]
[Result "1/2-1/2"]
[WhiteElo "1914"]
[BlackElo "2005"]
[PlyCount "127"]
[EventDate "2022.03.26"]
[WhiteTeam "Wessex Some Stars B"]
[BlackTeam "Watford A"]

1. d4 d5 2. c4 dxc4 3. e4 e5 4. d5 Nf6 5. Nc3 a6 6. Bxc4 b5 7. Bd3 Bd6 8. a3
O-O 9. Nge2 c5 10. Ng3 c4 11. Bc2 Bc5 12. f3 Ne8 13. Qe2 Bd4 14. Be3 Nd6 15.
Qd2 Qb6 16. Nf1 f5 17. Rd1 Bc5 18. Bxc5 Qxc5 19. exf5 Bxf5 20. Ng3 Nd7 21. Be4
Rad8 22. Qc2 Qe3+ 23. Qe2 Qb6 24. Qc2 g6 25. Qf2 Qc7 26. O-O Nc5 27. Qe3 Nd3
28. Bxd3 Bxd3 29. Rfe1 Rde8 30. Nce4 Nb7 31. Rc1 Qd8 32. Nc3 Na5 33. Rcd1 Nb3
34. Rxd3 cxd3 35. Qxd3 Qb6+ 36. Kh1 Qd4 37. Qe2 Qd2 38. Nge4 Qxe2 39. Rxe2 Nd4
40. Re1 Rc8 41. Nd6 Rcd8 42. Nb7 Rde8 43. d6 Rf7 44. Nc5 a5 45. d7 Rb8 46. Rxe5
b4 47. axb4 axb4 48. Nd5 Nc6 49. Re6 Nd8 50. Re8+ Rf8 51. Ne4 Nc6 52. Re6 Nd8
53. Nef6+ Kg7 54. Ne8+ Kh8 55. Re4 Rf7 56. Ndf6 Rb6 57. Kg1 b3 58. Kf2 Re6 59.
Ke3 Rfe7 60. Kd4 Rxe4+ 61. fxe4 Re6 62. Kc4 Rb6 63. g4 g5 64. Kc3 1/2-1/2

[Event "4NCL Division 3 South"]
[Site "Milton Keynes, ENG"]
[Date "2022.03.26"]
[Round "5.72"]
[White "Lancaster, Roger"]
[Black "Pentakota, Rajasekhar"]
[Result "1/2-1/2"]
[WhiteElo "1965"]
[BlackElo "1858"]
[PlyCount "101"]
[EventDate "2022.03.26"]
[WhiteTeam "Watford A"]
[BlackTeam "Wessex Some Stars B"]

1. e4 d6 2. Nc3 Nf6 3. d4 g6 4. f4 Bg7 5. Nf3 O-O 6. Bd3 Nc6 7. O-O a6 8. d5
Nb8 9. Kh1 c6 10. dxc6 Nxc6 11. Be3 b5 12. Qe1 Ng4 13. Bg1 Nb4 14. h3 Nh6 15.
Rd1 Nxd3 16. cxd3 f5 17. Bd4 Bxd4 18. Nxd4 Bd7 19. e5 dxe5 20. Qxe5 Nf7 21. Qe3
Re8 22. Ne6 Bxe6 23. Qxe6 Qd6 24. Qxd6 Nxd6 25. Nd5 Rac8 26. Rc1 a5 27. Rfe1
Kf7 28. Rxc8 Nxc8 29. Re5 Nd6 30. b3 b4 31. Kh2 e6 32. Nb6 Rb8 33. Nc4 Nxc4 34.
dxc4 Ra8 35. Rb5 h6 36. Kg3 Kf6 37. Kf3 g5 38. g3 Kg6 39. Ke3 h5 40. c5 gxf4+
41. gxf4 Kf6 42. c6 Rc8 43. Rc5 Ke7 44. Kd4 Kd6 45. Rxa5 Rxc6 46. Rb5 Ra6 47.
Rxb4 Rxa2 48. Rb6+ Ke7 49. Rb7+ Kd6 50. Rb6+ Ke7 51. Rb7+ 1/2-1/2

[Event "4NCL Division 3 South"]
[Site "Milton Keynes, ENG"]
[Date "2022.03.26"]
[Round "5.73"]
[White "De Coverly, Roger D"]
[Black "Pigott, Darrell N"]
[Result "1-0"]
[WhiteElo "1850"]
[BlackElo "1962"]
[PlyCount "119"]
[EventDate "2022.03.26"]
[WhiteTeam "Wessex Some Stars B"]
[BlackTeam "Watford A"]

1. d4 Nf6 2. c4 e6 3. Nc3 d5 4. Bg5 Be7 5. e3 O-O 6. Nf3 a6 7. Rc1 dxc4 8. Bxc4
b5 9. Bb3 Bb7 10. O-O Nbd7 11. Qe2 c5 12. dxc5 Nxc5 13. Rfd1 Qb6 14. Bc2 Rfd8
15. b4 Ncd7 16. a3 Rac8 17. Bb1 Nf8 18. e4 Rxd1+ 19. Qxd1 Ng6 20. Be3 Qd8 21.
Qe2 Ng4 22. Bd2 N4e5 23. Rd1 Qc7 24. Nxe5 Qxe5 25. Qe3 Bd6 26. g3 Qh5 27. Qe2
Qe5 28. Be1 Bb8 29. Rd7 Bc6 30. f4 Nxf4 31. gxf4 Qxf4 32. Rd1 Ba7+ 33. Bf2 Qg5+
34. Kh1 Bb8 35. Rg1 Qe5 36. Be1 Bb7 37. Nd1 Rc4 38. Nc3 f5 39. Rf1 Rxc3 40.
Bxc3 Qxc3 41. Qd1 Qc7 42. Rf2 h6 43. Rd2 Qf4 44. Qe2 Bc6 45. Rd1 Bc7 46. Rf1
Qe5 47. Rc1 Bxe4+ 48. Bxe4 fxe4 49. Rc5 Qf4 50. Rc6 a5 51. bxa5 Bxa5 52. Rxe6
Bc7 53. Re8+ Kf7 54. Rxe4 Qc1+ 55. Kg2 Qxa3 56. Qh5+ g6 57. Qd5+ Kf8 58. Qe6
Qc5 59. Qe8+ Kg7 60. Qe7+ 1-0

[Event "4NCL Division 3 South"]
[Site "Milton Keynes, ENG"]
[Date "2022.03.26"]
[Round "5.74"]
[White "Taylor, Alistair"]
[Black "Adaway, William"]
[Result "1/2-1/2"]
[WhiteElo "1637"]
[BlackElo "1863"]
[PlyCount "127"]
[EventDate "2022.03.26"]
[WhiteTeam "Watford A"]
[BlackTeam "Wessex Some Stars B"]

1. e4 d6 2. d4 Nf6 3. Nc3 e5 4. dxe5 dxe5 5. Qxd8+ Kxd8 6. Bc4 Ke8 7. Nf3 Bd6
8. Bg5 Nbd7 9. O-O-O a6 10. Rhe1 b5 11. Bb3 Bb7 12. Nd5 Nxd5 13. Bxd5 Bxd5 14.
Rxd5 Nb6 15. Rd3 f6 16. Be3 Nc4 17. Nd2 Nxe3 18. Rexe3 Bc5 19. Rf3 Rd8 20.
Rxd8+ Kxd8 21. Kd1 Ke7 22. Ke2 Bd4 23. c3 Bb6 24. b4 a5 25. a3 Rd8 26. g4 h6
27. h4 g6 28. Nf1 c5 29. Ng3 cxb4 30. cxb4 axb4 31. axb4 Rd4 32. h5 Kf7 33.
hxg6+ Kxg6 34. Rb3 Rc4 35. f3 Kg5 36. Nh5 Bd8 37. Rd3 Be7 38. Rd7 Bxb4 39. Rg7+
Kh4 40. Nxf6 Rc2+ 41. Kd1 Rd2+ 42. Kc1 Rf2 43. Ng8 Bd2+ 44. Kd1 Bf4 45. Re7 Kg3
46. Nxh6 b4 47. Nf5+ Kxf3 48. Rb7 Rd2+ 49. Ke1 Re2+ 50. Kd1 Rxe4 51. Kc2 Kxg4
52. Nd6 Re2+ 53. Kb3 Bd2 54. Rg7+ Kf4 55. Rf7+ Kg4 56. Rg7+ Kf3 57. Rf7+ Kg2
58. Rg7+ Kf1 59. Rf7+ Ke1 60. Rh7 Kd1 61. Nc4 Bc3 62. Rh1+ Re1 63. Rxe1+ Kxe1
64. Nxe5 1/2-1/2

[Event "4NCL Division 3 South"]
[Site "Milton Keynes, ENG"]
[Date "2022.03.26"]
[Round "5.75"]
[White "Clancy, Martin J"]
[Black "Ramesh, Karthik R"]
[Result "1-0"]
[WhiteElo "1714"]
[BlackElo "1553"]
[PlyCount "79"]
[EventDate "2022.03.26"]
[WhiteTeam "Wessex Some Stars B"]
[BlackTeam "Watford A"]

1. e4 e6 2. d3 d5 3. Nd2 Bc5 4. Ngf3 Ne7 5. g3 Bd7 6. Bg2 Ng6 7. O-O Bc6 8. Qe2
Nd7 9. Nb3 Bb6 10. Nbd4 dxe4 11. dxe4 Nde5 12. Nxe5 Nxe5 13. Nxc6 Nxc6 14. c3
O-O 15. Kh1 e5 16. Be3 Bxe3 17. Qxe3 Qe7 18. b4 a6 19. f4 Rad8 20. Rad1 Rd6 21.
Rd5 Rfd8 22. f5 f6 23. a3 Nb8 24. Rfd1 Nd7 25. Rxd6 cxd6 26. Bf1 Kh8 27. Bc4 b5
28. Be6 Nf8 29. Bb3 Nd7 30. Qa7 Rc8 31. Be6 Rd8 32. Qc7 Qe8 33. Rxd6 h6 34.
Rxd7 Rc8 35. Qd6 Qh5 36. Rd8+ Kh7 37. Bg8+ Kh8 38. Bf7+ Rxd8 39. Qxd8+ Kh7 40.
Qg8# 1-0

[Event "4NCL Division 3 South"]
[Site "Milton Keynes, ENG"]
[Date "2022.03.26"]
[Round "5.76"]
[White "Vig, Sanjay"]
[Black "Cuthbert, Larissa"]
[Result "0-1"]
[WhiteElo "1577"]
[BlackElo "1204"]
[PlyCount "88"]
[EventDate "2022.03.26"]
[WhiteTeam "Watford A"]
[BlackTeam "Wessex Some Stars B"]

1. e4 e6 2. d4 d5 3. e5 c5 4. c3 Nc6 5. Nf3 Qb6 6. Bd3 Bd7 7. Nbd2 cxd4 8. cxd4
Nh6 9. O-O Be7 10. a3 a5 11. Qb3 Qc7 12. Re1 O-O 13. Nf1 Nf5 14. Bxf5 exf5 15.
Qxd5 Rad8 16. Be3 Be6 17. Qb5 f6 18. Rac1 Rd5 19. Qc4 fxe5 20. Bg5 e4 21. N1d2
Rd6 22. Bxe7 Qxe7 23. Qc2 exf3 24. Nxf3 Qd7 25. Ne5 Nxe5 26. Rxe5 Rd5 27. Qe2
Rxe5 28. Qxe5 Rc8 29. Rc3 Rxc3 30. bxc3 Qd5 31. Qb8+ Kf7 32. Qf4 Qb3 33. h4
Qxc3 34. d5 Bd7 35. g4 g6 36. g5 Qh3 37. f3 Ke8 38. Qe5+ Kd8 39. Qf4 Kc8 40. d6
Bb5 41. Qc1+ Bc6 42. Qe3 Qxf3 43. Qe6+ Kb8 44. Qg8+ Ka7 0-1

[Event "4NCL Division 3 South"]
[Site "Milton Keynes, ENG"]
[Date "2022.03.26"]
[Round "5.81"]
[White "Stanciu, Ciprian"]
[Black "Franco, Gaston"]
[Result "1/2-1/2"]
[WhiteElo "2002"]
[BlackElo "2039"]
[PlyCount "27"]
[EventDate "2022.03.26"]
[WhiteTeam "Poole"]
[BlackTeam "Celtic Tigers 2"]

1. d4 Nf6 2. Bf4 c5 3. dxc5 Qa5+ 4. c3 Qxc5 5. Nf3 Nc6 6. Nbd2 d6 7. h3 g6 8.
Bg5 Bg7 9. Bxf6 Bxf6 10. Ne4 Qf5 11. Nxf6+ Qxf6 12. e3 O-O 13. Bd3 Bf5 14. Qc2
1/2-1/2

[Event "4NCL Division 3 South"]
[Site "Milton Keynes, ENG"]
[Date "2022.03.26"]
[Round "5.82"]
[White "Kelmendi, Bajrush"]
[Black "Machacek, Martin"]
[Result "0-1"]
[WhiteElo "2088"]
[BlackElo "2051"]
[PlyCount "106"]
[EventDate "2022.03.26"]
[WhiteTeam "Celtic Tigers 2"]
[BlackTeam "Poole"]

1. c4 d6 2. Nc3 Nf6 3. d4 c6 4. e4 Qa5 5. Bd3 e5 6. d5 Be7 7. Nge2 Nbd7 8. O-O
O-O 9. a3 Qc7 10. f4 exf4 11. Bxf4 Ng4 12. Nd4 Nde5 13. h3 Qb6 14. Be2 Nf6 15.
Be3 Qc7 16. Rc1 Re8 17. Nf3 Nfd7 18. b4 Nxf3+ 19. gxf3 a5 20. b5 Nf8 21. Kg2
Qd7 22. Rh1 Bh4 23. f4 c5 24. Bg4 Qe7 25. Bf2 Bxf2 26. Kxf2 Qh4+ 27. Kf3 Ng6
28. Qd2 Qf6 29. Kg3 Qh4+ 30. Kf3 Qf6 31. Ne2 Nh4+ 32. Ke3 Qg6 33. Ng3 f5 34.
Rcg1 fxg4 35. hxg4 Qxg4 36. Qf2 Nf5+ 37. Kd3 Nxg3 38. Rxg3 Qd7 39. Qh2 g6 40.
Rxg6+ Kh8 41. Rxd6 Qg7 42. Rf6 Bg4 43. e5 Rf8 44. Rh6 Rf7 45. Ke3 Re8 46. Rg1
Rxe5+ 47. fxe5 Qg5+ 48. Kd3 Rf3+ 49. Kc2 Bf5+ 50. Kb2 Qe3 51. Ka1 Qd4+ 52. Ka2
Qxc4+ 53. Kb2 Qc3+ 0-1

[Event "4NCL Division 3 South"]
[Site "Milton Keynes, ENG"]
[Date "2022.03.26"]
[Round "5.83"]
[White "Duggan, Michael F G"]
[Black "Sturt, Charles A"]
[Result "1/2-1/2"]
[WhiteElo "2062"]
[BlackElo "1671"]
[PlyCount "27"]
[EventDate "2022.03.26"]
[WhiteTeam "Poole"]
[BlackTeam "Celtic Tigers 2"]

1. d4 d5 2. c4 Nf6 3. cxd5 g6 4. Nc3 Nxd5 5. Bd2 Bg7 6. e4 Nxc3 7. Bxc3 O-O 8.
Bc4 c5 9. d5 Bxc3+ 10. bxc3 Qa5 11. Qd2 b5 12. Bd3 c4 13. Bc2 e5 14. Ne2
1/2-1/2

[Event "4NCL Division 3 South"]
[Site "Milton Keynes, ENG"]
[Date "2022.03.26"]
[Round "5.86"]
[White "Perchard, Matthew"]
[Black "Popovic, Dragi"]
[Result "1-0"]
[WhiteElo "1500"]
[BlackElo "1746"]
[PlyCount "51"]
[EventDate "2022.03.26"]
[WhiteTeam "Celtic Tigers 2"]
[BlackTeam "Poole"]

1. e4 c5 2. Nf3 e6 3. c3 Nc6 4. d4 cxd4 5. cxd4 Nf6 6. Nc3 d6 7. d5 Nb8 8. Bb5+
Bd7 9. dxe6 Bxb5 10. exf7+ Ke7 11. Nxb5 Qa5+ 12. Nc3 Nc6 13. O-O Rd8 14. Nd5+
Kxf7 15. Nxf6 gxf6 16. Bd2 Qb6 17. Bc3 Ne7 18. Ng5+ Kg6 19. Ne6 Rc8 20. Qg4+
Kf7 21. Ng5+ Kg6 22. Qxc8 Kxg5 23. h4+ Kg6 24. Qe6 d5 25. Qg4+ Kf7 26. Qh5+ 1-0

[Event "4NCL Division 3 South"]
[Site "Milton Keynes, ENG"]
[Date "2022.03.26"]
[Round "5.91"]
[White "Finn, Daniel"]
[Black "Pickard, Charles"]
[Result "1/2-1/2"]
[WhiteElo "1823"]
[BlackElo "2126"]
[PlyCount "61"]
[EventDate "2022.03.26"]
[WhiteTeam "Sussex Martlets 3"]
[BlackTeam "Poisoned Pawns"]

1. d4 d5 2. c4 e6 3. Nc3 c5 4. e3 Nf6 5. Nf3 Nc6 6. Be2 dxc4 7. Bxc4 a6 8. O-O
b5 9. Be2 Bb7 10. dxc5 Qxd1 11. Rxd1 Bxc5 12. a3 Ke7 13. b4 Bd6 14. Bb2 Rac8
15. Rac1 Rhd8 16. h3 Bb8 17. Kf1 Ne5 18. Rxd8 Rxd8 19. Nd4 Ne4 20. Nxe4 Bxe4
21. Nb3 Nd3 22. Bxd3 Bxd3+ 23. Ke1 Bd6 24. g3 f6 25. Bd4 Bc4 26. Na5 Rc8 27.
Kd2 e5 28. Bb2 Be6 29. Rxc8 Bxc8 30. h4 Be6 31. Nb7 1/2-1/2

[Event "4NCL Division 3 South"]
[Site "Milton Keynes, ENG"]
[Date "2022.03.26"]
[Round "5.92"]
[White "Kemp, Paul R"]
[Black "Filby, Ted"]
[Result "1-0"]
[WhiteElo "2022"]
[BlackElo "1894"]
[PlyCount "61"]
[EventDate "2022.03.26"]
[WhiteTeam "Poisoned Pawns"]
[BlackTeam "Sussex Martlets 3"]

1. e4 c6 2. d4 d5 3. e5 c5 4. dxc5 e6 5. a3 Bxc5 6. Nf3 Ne7 7. b4 Bb6 8. Bb2
Ng6 9. h4 h6 10. h5 Ne7 11. Bd3 Qc7 12. Nbd2 a5 13. c4 axb4 14. axb4 Rxa1 15.
Qxa1 Na6 16. Qa3 Qd8 17. c5 Ba7 18. Nd4 Bb8 19. Bb5+ Kf8 20. N2f3 Bc7 21. O-O
Nb8 22. Qa8 Rg8 23. Bc1 Na6 24. c6 Nb8 25. cxb7 Bd7 26. Bxd7 Qxd7 27. b5 Qd8
28. Ba3 Ke8 29. Rc1 Kd7 30. b6 Bxb6 31. Qa4+ 1-0

[Event "4NCL Division 3 South"]
[Site "Milton Keynes, ENG"]
[Date "2022.03.26"]
[Round "5.93"]
[White "Woods, Timothy J"]
[Black "Rosen, Daniel B"]
[Result "0-1"]
[WhiteElo "1626"]
[BlackElo "1971"]
[PlyCount "80"]
[EventDate "2022.03.26"]
[WhiteTeam "Sussex Martlets 3"]
[BlackTeam "Poisoned Pawns"]

1. e4 d6 2. d4 g6 3. Nc3 Bg7 4. f4 Nf6 5. Nf3 c5 6. dxc5 Qa5 7. Bd3 Qxc5 8. Qe2
Bg4 9. Be3 Qa5 10. O-O Nc6 11. h3 Bxf3 12. Qxf3 O-O 13. Kh1 Rac8 14. Qf2 Nd7
15. Bd2 Qb6 16. Be3 Qxb2 17. Na4 Qb4 18. Rab1 Qxa4 19. Rxb7 Nc5 20. Bxc5 dxc5
21. Qxc5 Bd4 22. Qd5 e6 23. Qg5 Qa5 24. f5 Rb8 25. Rxb8 Rxb8 26. Qh6 Bg7 27.
Qg5 Qe5 28. Qg4 exf5 29. exf5 Nd4 30. fxg6 fxg6 31. Qd7 Rf8 32. Bc4+ Kh8 33.
Rxf8+ Bxf8 34. Qf7 Qg7 35. Qf2 Nf5 36. Qf3 Qa1+ 37. Kh2 Bd6+ 38. g3 Bxg3+ 39.
Kg2 Nh4+ 40. Kxg3 Nxf3 0-1

[Event "4NCL Division 3 South"]
[Site "Milton Keynes, ENG"]
[Date "2022.03.26"]
[Round "5.94"]
[White "McMahon, Paul"]
[Black "Finn, Elizabeth"]
[Result "1-0"]
[WhiteElo "1916"]
[BlackElo "1645"]
[PlyCount "53"]
[EventDate "2022.03.26"]
[WhiteTeam "Poisoned Pawns"]
[BlackTeam "Sussex Martlets 3"]

1. e4 e5 2. Nf3 Nc6 3. Bb5 Nf6 4. d3 Bc5 5. O-O d6 6. h3 O-O 7. c3 Bd7 8. Re1
Re8 9. Nbd2 a6 10. Ba4 b5 11. Bc2 a5 12. a4 b4 13. Nf1 h6 14. d4 exd4 15. cxd4
Bb6 16. Ng3 d5 17. e5 Nh7 18. Qd3 Nf8 19. Nh5 Re7 20. Bxh6 gxh6 21. Nf6+ Kg7
22. Nh4 Nxd4 23. Qg3+ Ng6 24. Nxg6 fxg6 25. Qxg6+ Kh8 26. Qxh6+ Rh7 27. Qxh7#
1-0

[Event "4NCL Division 3 South"]
[Site "Milton Keynes, ENG"]
[Date "2022.03.26"]
[Round "5.95"]
[White "Blades, Kit"]
[Black "Evans, Ruben"]
[Result "1/2-1/2"]
[WhiteElo "1462"]
[BlackElo "1841"]
[PlyCount "79"]
[EventDate "2022.03.26"]
[WhiteTeam "Sussex Martlets 3"]
[BlackTeam "Poisoned Pawns"]

1. e4 e6 2. d4 d5 3. e5 c5 4. c3 Nc6 5. Nf3 Qb6 6. Be2 cxd4 7. cxd4 Nge7 8. Nc3
Nf5 9. Na4 Qa5+ 10. Bd2 Bb4 11. Bc3 b5 12. a3 Qxa4 13. axb4 Qxd1+ 14. Kxd1 Rb8
15. Bd3 Nfe7 16. Ke2 f6 17. h4 a6 18. h5 fxe5 19. dxe5 h6 20. Rad1 Rf8 21. Nd4
Nxd4+ 22. Bxd4 Bb7 23. Bc5 Kd7 24. Rc1 Rbc8 25. f3 Rg8 26. Rh4 Nc6 27. Rf4 Nxe5
28. Rd1 Rc7 29. Bh7 Rh8 30. Bd4 Nc6 31. Bb6 Rcc8 32. Rf7+ Ne7 33. Rxg7 Ke8 34.
Bc5 Rxc5 35. bxc5 Kf8 36. Rxe7 Kxe7 37. Bg6 a5 38. Bd3 b4 39. Bb5 Ra8 40. Ra1
1/2-1/2

[Event "4NCL Division 3 South"]
[Site "Milton Keynes, ENG"]
[Date "2022.03.26"]
[Round "5.96"]
[White "Judkins, Brian D"]
[Black "Filby, Bill"]
[Result "1-0"]
[WhiteElo "1716"]
[BlackElo "1400"]
[PlyCount "80"]
[EventDate "2022.03.26"]
[WhiteTeam "Poisoned Pawns"]
[BlackTeam "Sussex Martlets 3"]

1. e4 c6 2. d4 d5 3. e5 c5 4. dxc5 Nc6 5. Nf3 Bg4 6. Be2 e6 7. Bf4 Bxc5 8. O-O
Nge7 9. Nbd2 O-O 10. c3 a6 11. Nb3 Bb6 12. Nbd4 Qc7 13. Bg3 Rac8 14. Re1 Nf5
15. Nxf5 Bxf5 16. Bd3 Ne7 17. Qd2 h6 18. Bf4 Bxd3 19. Qxd3 Qc5 20. Be3 Qb5 21.
Qxb5 axb5 22. Bxb6 Nf5 23. Nd4 Nxd4 24. Bxd4 g6 25. Kf1 h5 26. Ke2 Rc6 27. a4
Ra8 28. axb5 Rxa1 29. Rxa1 Rc7 30. Ra8+ Kg7 31. Rb8 Kh7 32. Bb6 Rd7 33. Rc8 Kh6
34. Rc7 Rxc7 35. Bxc7 Kg5 36. Bd8+ Kh6 37. Ke3 Kg7 38. Kd4 Kh7 39. Kc5 Kg7 40.
Kb6 d4 1-0

[Event "4NCL Division 3 South"]
[Site "Milton Keynes, ENG"]
[Date "2022.03.26"]
[Round "5.101"]
[White "Lambourne, Dan M"]
[Black "Lovell, Steve"]
[Result "1/2-1/2"]
[WhiteElo "1979"]
[BlackElo "1808"]
[PlyCount "79"]
[EventDate "2022.03.26"]
[WhiteTeam "MK Phoenix 2"]
[BlackTeam "Iceni 3"]

1. d4 Nf6 2. Nf3 c5 3. e3 d5 4. c4 Nc6 5. Nc3 Bf5 6. a3 e6 7. Be2 dxc4 8. Bxc4
Rc8 9. Be2 Be7 10. O-O O-O 11. Qa4 cxd4 12. exd4 Qa5 13. Be3 Qxa4 14. Nxa4 Nd5
15. Rac1 Rfd8 16. Nc5 b6 17. Nb3 Bf6 18. Bb5 Nce7 19. Nbd2 Bg6 20. g4 h6 21. h4
Nxe3 22. fxe3 Nd5 23. Kf2 Be7 24. Ba6 Rc7 25. Rxc7 Nxc7 26. Bb7 Rb8 27. Bc6 Rc8
28. Bb7 Rb8 29. Bc6 Rc8 30. e4 Ne8 31. Bxe8 Rxe8 32. Rc1 Bd6 33. e5 Bb8 34. Ke3
f6 35. Rc6 Bf7 36. Nc4 Rd8 37. Ncd2 Kf8 38. g5 hxg5 39. hxg5 f5 40. Rc1 1/2-1/2

[Event "4NCL Division 3 South"]
[Site "Milton Keynes, ENG"]
[Date "2022.03.26"]
[Round "5.102"]
[White "Gaffney, Samuel"]
[Black "Habershon, Paul F"]
[Result "1/2-1/2"]
[WhiteElo "1850"]
[BlackElo "1954"]
[PlyCount "75"]
[EventDate "2022.03.26"]
[WhiteTeam "Iceni 3"]
[BlackTeam "MK Phoenix 2"]

1. d4 Nf6 2. Nf3 d6 3. Nc3 g6 4. e4 Bg7 5. Be3 c6 6. Qd2 b5 7. a3 a6 8. Be2
Nbd7 9. O-O Qc7 10. h3 O-O 11. Rfe1 Bb7 12. Bg5 Rad8 13. Qe3 c5 14. d5 Rfe8 15.
Bh6 Bh8 16. Ng5 Nb6 17. Rad1 b4 18. Na2 bxa3 19. Qxa3 Rb8 20. Qg3 Nbd7 21. Nc3
Bc8 22. b3 Rb4 23. f4 Nf8 24. Bc4 Nh5 25. Qf3 Bd4+ 26. Kh1 f6 27. Ne6 Nxe6 28.
dxe6 Bxc3 29. Qxc3 Ng7 30. Bxg7 Kxg7 31. Qg3 a5 32. e5 a4 33. exd6 exd6 34. Qd3
axb3 35. cxb3 Rb6 36. Kg1 d5 37. Qxd5 Bxe6 38. Qe4 1/2-1/2